English to Spanish Animals Quiz - Statistics

General Stats
  • This quiz has been taken 110 times
  • The average score is 39 of 96
Answer Stats
English Spanish % Correct
Cat Gato
90%
Fish Pez
88%
Dog Perro
85%
Elephant Elefante
79%
Chicken Pollo
79%
Monkey Mono
77%
Cow Vaca
77%
Fox Zorro
77%
Lion León
75%
Bear Oso
73%
Duck Pato
73%
Bird Pájaro
71%
Frog Rana
69%
Mouse Ratón
69%
Tiger Tigre
69%
Crocodile Cocodrilo
67%
Bee Abeja
65%
Ant Hormiga
65%
Wolf Lobo
65%
Butterfly Mariposa
65%
Pig Cerdo
63%
Turtle Tortuga
60%
Giraffe Jirafa
58%
Rat Rata
58%
Eagle Águila
56%
Spider Araña
56%
Camel Camello
56%
Gorilla Gorila
56%
Penguin Pingüino
56%
Tuna Atún
54%
Goat Cabra
54%
Rabbit Conejo
54%
Leopard Leopardo
54%
Snake Serpiente
54%
Donkey Burro
52%
Dolphin Delfín
52%
Buffalo Búfalo
50%
Shark Tiburón
50%
Octopus Pulpo
48%
Whale Ballena
46%
Crab Cangrejo
46%
Cockroach Cucaracha
46%
Hen Gallina
46%
Rooster Gallo
46%
Jellyfish Medusa
44%
Sheep Oveja
44%
Pelican Pelícano
44%
Zebra Cebra
42%
Turkey Pavo
40%
Owl Búho
35%
Lobster Langosta
35%
Shrimp Camarón
33%
Kangaroo Canguro
33%
Lizard Lagarto
33%
Parrot Loro
33%
Hippopotamus Hipopótamo
31%
Bat Murciélago
31%
Goose Ganso
29%
Pigeon Paloma
29%
Worm Gusano
27%
Squirrel Ardilla
25%
Beaver Castor
25%
Deer Ciervo
25%
Swan Cisne
25%
Lamb Cordero
23%
Racoon Mapache
21%
Oyster Ostra
21%
Swordfish Pez espada
21%
Rhinoceros Rinoceronte
21%
Wasp Avispa
19%
Baboon Babuino
19%
Hummingbird Colibrí
19%
Beetle Escarabajo
19%
Moose Alce
17%
Snail Caracol
17%
Crow Cuervo
17%
Horse Horse
17%
Anteater Oso hormiguero
17%
Goldfish Pez de colores
17%
Guinea Pig Conejillo de Indias
15%
Bobcat Gato montés
15%
Skunk Zorrillo
15%
Eel Anguila
13%
Seagull Gaviota
13%
Sea Lion León marino
13%
Ladybug Mariquita
13%
Clam Almeja
10%
Otter Nutria
10%
Walrus Morsa
8%
Porcupine Puerco espín
8%
Badger Tejón
8%
Gopher Ardilla de tierra
6%
Opossum Zarigüeya
6%
Cheetah Leopardo cazador
4%
Groundhog Marmota
4%
Scallop Vieira
4%
No matching quizzes found
Score Distribution
Percent of People with Each Score
Percentile by Number Answered
Your Score History
You have not taken this quiz